The West Wing Characters Quiz - Statistics

General Stats
  • This quiz has been taken 346 times
  • The average score is 9 of 15
Answer Stats
Hint Answer % Correct
Deputy White House Cheif of Staff who was near fatally wounded Josh Lyman
92%
First White House Cheif of Staff Leo McGarry
90%
First White House Deputy Communication Director Sam Seaborn
84%
White House Communications Director Toby Ziegler
83%
Second White House Cheif of Staff C.J. Cregg
76%
Deputy Cheif of Staff's Senior Assistant Donna Moss
73%
POTUS alma mater Notre Dame
62%
POTUS "Body Man" Charlie Young
61%
Temporary Deputy White House Communications Director Will Bailey
61%
The youngest daughter of the President Zoey Bartlet
61%
First Vice-President of the United States John Hoynes
58%
National Security Advisor Nancy McNally
54%
First Chairman of the Joint Cheifs Adm. Fitzwallace
11%
Two-term President of the United States Josiah P. Bartlet
8%
Second Chairman of the Joint Cheifs Gen. Alexander
1%
No matching quizzes found
Score Distribution
Percent of People with Each Score
Percentile by Number Answered
Your Score History
You have not taken this quiz